Contestants RuPaul's Drag Race (Updated 2018) - Statistics

General Stats
  • This quiz has been taken 805 times
    741 since last reset
  • The average score is 78 of 126
Answer Stats
Contestant % Correct
Bebe Zahara Bennet
90%
Alaska Thunderfuck
89%
Bianca Del Rio
89%
Adore Delano
87%
Raja
87%
Detox
84%
Raven
84%
Sharon Needles
84%
Bob the Drag Queen
83%
Courtney Act
83%
Sasha Velour
83%
Alyssa Edwards
82%
Aquaria
82%
Chad Michaels
82%
Eureka
82%
Katya
82%
Jujubee
81%
PhiPhi O'Hara
81%
Roxxxy Andrews
81%
Nina Flowers
80%
Violet Chachki
80%
Ginger Minj
79%
Jinkx Monsoon
79%
Latrice Royale
79%
Manila Luzon
79%
Pearl
79%
Shangela
79%
Trixie Mattel
79%
Tyra Sanchez
79%
Ben DeLa Creme
77%
Coco Montrese
77%
Kim Chi
77%
Alexis Mateo
76%
Jade
76%
Ongina
76%
Trinity Taylor
75%
Naomi Smalls
74%
Shea Coulée
73%
Asia O'Hara
72%
Darienne Lake
71%
Kennedy Davenport
71%
Peppermint
71%
Valentina
71%
Milk
70%
Tatianna
70%
Gia Gunn
68%
Kameron Michaels
68%
Miz Cracker
68%
Monét X Change
68%
Ivy Winters
67%
Shannel
67%
Tammie Brown
67%
Yara Sofia
67%
Willam
66%
Farrah Moan
65%
Laganja Estranja
65%
Pandora Box
65%
Porkchop
65%
Rebecca Glasscock
65%
Thorgy Thor
64%
Monique Heart
63%
Morgan McMichaels
63%
Trinity K. Bonet
63%
Delta Work
62%
Aja
61%
Mimi Imfurst
61%
Nina Bo'Nina Brown
61%
Miss Fame
60%
Sonique
60%
Sahara Davenport
59%
Carmen Carrera
58%
Chi Chi DeVayne
58%
Cynthia Lee Fontaine
58%
Jade Jolie
58%
Kenya Michaels
57%
The Vixen
57%
Vanessa Vanjie Mateo
57%
Jiggly Caliente
56%
Acid Betty
55%
Max
55%
Alexis Michelle
54%
Joslyn Fox
54%
Vivacious
54%
Jasmine Masters
53%
Akashia
52%
Derrick Barry
52%
Kelly Mantle
52%
Tempest DuJour
51%
Dida Ritz
50%
Honey Mahogany
50%
Serena ChaCha
49%
The Princess
49%
Mrs. Kasha Davis
48%
Mystique
48%
Robbie Turner
48%
Jaymes Mansfield
47%
Milan
47%
Sasha Belle
47%
April Carrión
46%
Dax ExclamationPoint
46%
India Ferrah
46%
Magnolia Crawford
46%
Penny Tration
46%
Jessica Wild
45%
Venus D-Lite
45%
Kimora Blac
44%
Charlie Hides
43%
Dusty Ray Bottoms
43%
Kalorie Karbdashian Williams
43%
Laila Mcqueen
43%
Nicole Paige Brooks
43%
Kandy Ho
42%
Madame LaQueer
42%
Phoenix
42%
Vivienne Pinay
42%
Blair St. Clair
41%
Lashauwn Beyond
40%
Mariah
40%
Stacy Layne Matthews
40%
Monica Beverly Hillz
39%
Naysha Lopez
39%
Mayhem Miller
38%
Alisa Summers
37%
Yuhua Hamasaki
36%
Jaidynn Diore Fierce
34%
Lineysha Sparx
32%
No matching quizzes found
Score Distribution
Percent of People with Each Score
Percentile by Number Answered
Your Score History
You have not taken this quiz since the last reset